John Steinbeck's works of Fiction - Statistics

General Stats
  • This quiz has been taken 516 times
  • The average score is 6 of 21
Answer Stats
Hint Answer % Correct
1939 The Grapes of Wrath
94%
1937 Of Mice and Men
89%
1952 East of Eden
72%
1945 Cannery Row
54%
1947 The Pearl
48%
1932 The Red Pony
38%
1935 Tortilla Flat
36%
1961 The Winter of our Discontent
24%
1942 The Moon is Down
19%
1936 In Dubious Battle
15%
1954 Sweet Thursday
15%
1947 The Wayward Bus
15%
1929 Cup of Gold
13%
1933 To a God Unknown
10%
1938 The Long Valley
7%
1957 The Short Reign of Pippin IV: A Fabrication
7%
1950 Burning Bright
6%
1932 The Pastures of Heaven
6%
1976 The Acts of King Arthur and his Noble Knights
5%
1941 The Forgotten Village
3%
1975 Viva Zapata!
3%
No matching quizzes found
Score Distribution
Percent of People with Each Score
Percentile by Number Answered
Your Score History
You have not taken this quiz